Public policy and governance in India: Essays in honour of professor P C Mathur (Record no. 394415)

MARC details
000 -LEADER
fixed length control field 00564 a2200193 4500
005 - DATE & TIME
control field 20260128105815.0
008 - FIXED-LENGTH DATA ELEMENTS--GENERAL INFORMATION
fixed length control field 260127b |||||||| |||| 00| 0 eng d
020 ## - ISBN
International Standard Book Number 9788183765091
Price Rs. 1895.00
040 ## - CATALOGING SOURCE
Original cataloging agency VIVEKANANDA LIBRARY
082 ## - DDC NUMBER
Classification number 350.954
Book Number S43P
100 ## - MAIN ENTRY--PERSONAL NAME
Personal name Sole, Nagendra Ambedkar
245 ## - TITLE STATEMENT
Title Public policy and governance in India: Essays in honour of professor P C Mathur
260 ## - PUBLICATION, DISTRIBUTION, ETC. (IMPRINT)
Name of publisher, distributor, etc ABD Publishers
Date of publication, distribution, etc 2025
Place of publication, distribution, etc Jaipur
300 ## - PHYSICAL DESCRIPTION
Pages xiv, 274
650 ## - Subject
Subject Public Administration
650 ## - Subject
Subject Governance-India
700 ## - Added Entry Personal Name
Added Entry Personal Name Meena, Janak Singh
942 ## - ADDED ENTRY ELEMENTS (KOHA)
Koha item type Books
Holdings
Withdrawn status Lost status Source of classification or shelving scheme Damaged status Not for loan Location (home branch) Sublocation or collection (holding branch) Shelving location Date acquired Koha issues (times borrowed) Koha full call number Accession No. Koha date last seen Koha item type
    Dewey Decimal Classification     VIVEKANANDA LIBRARY VIVEKANANDA LIBRARY Vivekananda Library 07/01/2026   350.954 S43P 443939 07/01/2026 Books
© Designed and Maintained by Vivekananda Library, MDU Rohtak